[Event "Tres Cantos op 9th"]
[Site "Tres Cantos"]
[Date "2017.06.25"]
[Round "4"]
[White "Diez Rodriguez, Francisco"]
[Black "Martinez Miura, Enrique"]
[Result "0-1"]
[WhiteElo "1371"]
[BlackElo "1667"]
[PlyCount "56"]
[EventDate "2017.06.22"]
[EventType "swiss"]
[EventRounds "9"]
[EventCountry "ESP"]
[SourceTitle "EXT 2019"]
[Source "ChessBase"]
[SourceDate "2018.10.10"]
[SourceVersion "1"]
[SourceVersionDate "2018.10.10"]
[SourceQuality "1"]

1. Nf3 Nf6 2. d4 d5 3. Bf4 e6 4. e3 Be7 5. Bd3 0-0 6. 0-0 c5 7. c3 Nc6 8. Nbd2 cxd4 9. exd4 Bd7 10. Ne5 Rc8 11. Re1 Nxe5 12. dxe5 Ne8 13. Qh5 g6 14. Qh6 f5 15. Nf3 Rf7 16. Bg5 Bxg5 17. Nxg5 Rg7 18. Re3 Qe7 19. Rh3 Nc7 20. Re1 Na6 21. Bxa6 bxa6 22. Ree3 d4 23. Rd3 dxc3 24. Rxc3 Rxc3 25. Rxc3 Qb4 26. h3 Qxb2 27. Rc7 Qa1+ 28. Kh2 Qxe5+ 0-1

[Event "Tres Cantos op 9th"]
[Site "Tres Cantos"]
[Date "2017.06.24"]
[Round "3"]
[White "Garcia Lafuente, Luis"]
[Black "Diez Rodriguez, Francisco"]
[Result "1-0"]
[WhiteElo "1535"]
[BlackElo "1371"]
[PlyCount "67"]
[EventDate "2017.06.22"]
[EventType "swiss"]
[EventRounds "9"]
[EventCountry "ESP"]
[SourceTitle "EXT 2019"]
[Source "ChessBase"]
[SourceDate "2018.10.10"]
[SourceVersion "1"]
[SourceVersionDate "2018.10.10"]
[SourceQuality "1"]

1. d4 Nf6 2. Bf4 e6 3. e3 b6 4. Nf3 Bb7 5. Nbd2 Be7 6. Bd3 c5 7. c3 d6 8. Qe2 Nbd7 9. e4 cxd4 10. cxd4 Rc8 11. 0-0 Nh5 12. Be3 0-0 13. e5 g6 14. Ne4 Bxe4 15. Bxe4 f5 16. exf6 Nhxf6 17. Bh6 Re8 18. Bd3 Bf8 19. Bg5 Qe7 20. Ba6 Rb8 21. Rac1 Qd8 22. Rc6 Qe7 23. Rc7 Ra8 24. Rfc1 Red8 25. Qb5 Bg7 26. Qc6 h6 27. Bxf6 Bxf6 28. Bb5 a6 29. Rxd7 Rxd7 30. Qxa8+ Rd8 31. Qxa6 e5 32. Rc8 Rxc8 33. Qxc8+ Kf7 34. Bc4+ 1-0